1997 1321 1996 1569 1295 1744 1584 1956 1652 1912 1076 1696 1066 1292 1146 1471 1307 1523 1229 1540 1906 1026 1909 1419 1304 1120 1377 1024 1018 1334 1844 1306 1598 1453 1922 1352 1277 1317 1361 1746 1066 1046 1681 1889 1387 1864 1028 1381 2000 1453 1828 1748 1183 1290 1801 1210 1901 1312 1328 1281 1424 1946 1314 1078 1161 1234 1337 1092 1047 1065 1418 1717 1533 1901 1230 1576 1327 1106 1848 1955 1716 1997 1171 1573 1472 1067 1914 1209 1814 1307 1292 1697 1403 1260 1988 1259 1403 1756 1346 BCNSPRNW ULIB Ver.6.0+V

เปลี่ยนเป็นภาษาไทย

Change to English
 แสดงรายละเอียดบรรณานุกรม
  กลับหน้าหลัก

Brief Record : Get Marc (ISO 2709) : E-mail record : QR code < ปิดหน้าต่าง
LEADER : 00000nam 2200000uu 4500
001    13399125163
003     ULIB
008    161026s2551||||th 000 0 tha d
020    ^a99786169176206
050  4 ^aLB2349 ^bร523ร
245 00 ^aรวมความเห็นคณะกรรมการกฤษฎีกาเกี่ยวกับสถาบันอุดมศึกษาในกำกับภาครัฐ และ หลักเกณฑ์และวิธีการแต่งตั้งผู้ดำรงตำแหน่งทางวิชาการ /^cรวบรวมโดย กลุ่มกฎหมายการบริหารราชการแผ่นดิน 1 สำนักงานคณะกรรมการกฤษฎีกา
260    ^aกรุงเทพฯ :^bสถาบัน, ^c2551
300    ^a71หน้า ;^c29 ซม.
945    ^p0^l0^i001417
999    ^aวรรณษา ชูชัยมงคล
รายการนี้ยังไม่มีแท็ก
คุณยังไม่ได้ล็อกอิน คุณสามารถมีกิจกรรมร่วมกับเว็บไซต์ได้ แต่ต้องล็อกอินก่อน ::
  ล็อกอิน

รายการสื่อสารสนเทศ

ลำดับที่ ประเภท เลขเรียก/บาร์โค้ด สถานที่ สถานะ
1. การศึกษาทั่วไป
การศึกษาทั่วไป
LB2349 ร523ร ฉ.1 
  Barcode: 001417
ห้องสมุดวิทยาเขตสวรรค์ประชารักษ์
►หนังสือทั่วไป
บนชั้น

BibComment


ยังไม่เคยถูกคอมเมนท์

คอมเมนท์ทรัพยากรรายการนี้
  คอมเมนท์: รวมความเห็นคณะกร..


 Copyright 2026. Bcnsprnw @Library